Cartas a la madre 1833-1866
Saved in:
| Hovedforfatter: | |
|---|---|
| Format: | Bog |
| Sprog: | spansk |
| Udgivet: |
Barcelona
Grijálbo
1993
|
| Serier: | El Espejo de Tinta
|
| Fag: | |
| Tags: |
Tilføj Tag
Ingen Tags, Vær først til at tagge denne postø!
|
MARC
| LEADER | 00000nam a2200000 a 4500 | ||
|---|---|---|---|
| 001 | UCR6122 | ||
| 003 | CL-VaPUC | ||
| 008 | 980420e19930000SP |||||||||||||||||spa|d | ||
| 082 | 0 | 4 | |a 846 |b BAU |2 21 |
| 100 | 0 | |a Baudelaire, Charles Pierre |e author |9 265454 | |
| 245 | 1 | 0 | |a Cartas a la madre 1833-1866 |
| 300 | |a 376 p | ||
| 942 | |c BK | ||
| 945 | |d 19980420 00:00:00 |a rbrito | ||
| 260 | |a Barcelona |b Grijálbo |c 1993 | ||
| 650 | 0 | |a Ensayos franceses |9 265511 | |
| 583 | |a last modification |c 19980420 00:00:00 |k Rodrigo Vera | ||
| 490 | 0 | |a El Espejo de Tinta | |
| 999 | |c 268428 |d 268426 | ||
| 952 | |0 0 |1 0 |4 0 |6 846_000000000000000_BAU_1993 |7 0 |8 A |9 301573 |a BIBART |b BIBART |d 2019-11-20 |i 3407330 |o 846 BAU 1993 |p 3407330 |r 2025-03-13 |w 2019-11-20 |y BK |k ART | ||